Power system analysis (Record no. 1347)

000 -LEADER
fixed length control field 00590nam a2200229 a 4500
001 - CONTROL NUMBER
control field 1347
003 - CONTROL NUMBER IDENTIFIER
control field BD-DhUET
008 - FIXED-LENGTH DATA ELEMENTS--GENERAL INFORMATION
fixed length control field 931008s1994 nyua 001 0 eng
020 ## - INTERNATIONAL STANDARD BOOK NUMBER
International Standard Book Number 0070585156
020 ## - INTERNATIONAL STANDARD BOOK NUMBER
International Standard Book Number 0071133380
040 ## - CATALOGING SOURCE
Original cataloging agency DLC
Transcribing agency DLC
Modifying agency BD-DhUET
082 00 - DEWEY DECIMAL CLASSIFICATION NUMBER
Classification number 623.19
Item number GRA/1994
100 1# - MAIN ENTRY--PERSONAL NAME
Personal name Grainger, John J.
245 10 - TITLE STATEMENT
Title Power system analysis
250 ## - EDITION STATEMENT
Edition statement 1st ed.
260 ## - PUBLICATION, DISTRIBUTION, ETC. (IMPRINT)
Place of publication, distribution, etc. New York
Name of publisher, distributor, etc. McGraw-Hill
Date of publication, distribution, etc. 1994
300 ## - PHYSICAL DESCRIPTION
Extent xix, 787 p.
Other physical details ill.
504 ## - BIBLIOGRAPHY, ETC. NOTE
Bibliography, etc Includes bibliographies
650 #0 - SUBJECT ADDED ENTRY--TOPICAL TERM
Topical term or geographic name as entry element Electric power systems-Management
700 1# - ADDED ENTRY--PERSONAL NAME
Personal name Stevenson, William D.
942 ## - ADDED ENTRY ELEMENTS (KOHA)
Koha item type General Book
Holdings
Koha date last borrowed Lost status Withdrawn status Not for loan Copy number Sublocation or collection (holding branch) Damaged status Koha full call number Date acquired Piece designation (barcode) Shelving location Koha renewals Koha date last seen Koha item type Koha issues (times borrowed) Source of classification or shelving scheme Price effective from Koha out on loan Koha normalized classification for sorting Location (home branch)
2024-03-04   1Central Library, BUET 623.19/GRA/19942014-09-03103960Circulation section 2024-06-01General Book5 2014-09-03 623_000000000000000_19GRA1994Central Library, BUET
2019-05-06   2Central Library, BUET 623.19/GRA/19942014-09-03103961Circulation section 2020-01-14General Book1 2014-09-03 623_000000000000000_19GRA1994Central Library, BUET
2025-07-13   3Central Library, BUET 623.19/GRA/19942014-09-03103962Circulation section12025-11-03General Book3 2014-09-03 623_000000000000000_19GRA1994Central Library, BUET
2019-10-21   4Central Library, BUET 623.19/GRA/19942014-09-03103963Circulation section 2025-04-22General Book1 2014-09-03 623_000000000000000_19GRA1994Central Library, BUET
2023-11-27   5Central Library, BUET 623.19/GRA/19942014-09-03103964Circulation section 2023-11-27General Book1 2014-09-032023-12-11623_000000000000000_19GRA1994Central Library, BUET
    6Central Library, BUET 623.19/GRA/19942014-09-03103965Circulation section 2016-01-26General Book  2014-09-03 623_000000000000000_19GRA1994Central Library, BUET
2021-02-13   7Central Library, BUET 623.19/GRA/19942014-09-03103966Circulation section22021-12-13General Book1 2014-09-03 623_000000000000000_19GRA1994Central Library, BUET
2022-02-06   8Central Library, BUET 623.19/GRA/19942014-09-03103967Circulation section 2022-02-06General Book2 2014-09-032023-02-06623_000000000000000_19GRA1994Central Library, BUET
2025-05-03   9Central Library, BUET 623.19/GRA/19942014-09-03103968Circulation section 2025-05-03General Book5 2014-09-032025-05-17623_000000000000000_19GRA1994Central Library, BUET
    10Central Library, BUET 623.19/GRA/19942015-06-2189529Reading section 2015-06-21Reading Item  2015-06-21 623_190000000000000_GRA_1994Central Library, BUET
    11Central Library, BUET 623.19/GRA/19942015-06-2191138Reading section 2015-06-21Reading Item  2015-06-21 623_190000000000000_GRA_1994Central Library, BUET
    12Central Library, BUET 623.19/GRA/19942015-07-0290777Reading section 2015-07-02Reading Item  2015-07-02 623_190000000000000_GRA_1994Central Library, BUET